A growing concern (Record no. 73171)
[ view plain ]
| 000 -LEADER | |
|---|---|
| fixed length control field | 01107cam a2200253 4500 |
| 001 - CONTROL NUMBER | |
| control field | ABS66862 |
| 008 - FIXED-LENGTH DATA ELEMENTS--GENERAL INFORMATION | |
| fixed length control field | 030805n2003 000 0 eng u |
| 035 ## - SYSTEM CONTROL NUMBER | |
| System control number | (Sirsi) u123202 |
| 100 ## - MAIN ENTRY--PERSONAL NAME | |
| Personal name | Hornby, J. |
| 245 #2 - TITLE STATEMENT | |
| Title | A growing concern |
| 260 ## - PUBLICATION, DISTRIBUTION, ETC. | |
| Date of publication, distribution, etc. | 2003 |
| 490 ## - SERIES STATEMENT | |
| Series statement | Estates Gazette |
| Volume/sequential designation | (0329) 19 July 2003, 112-113(2) |
| 520 ## - SUMMARY, ETC. | |
| Summary, etc. | This "Mainly for students" article identifies problems which can arise from trees ranging from blocking light to property damage and disputes with neighbours. Provides definitions of a tree, and looks at tree preservation orders and the responsibility of local planning authorities for their enforcement. Gives a range of circumstances where trees can be considered to be a nuisance such as tree roots encroaching onto neighbouring land and overhanging branches onto a public footpath. |
| 590 ## - LOCAL NOTE (RLIN) | |
| Local note | ABS |
| 650 ## - SUBJECT ADDED ENTRY--TOPICAL TERM | |
| Topical term or geographic name entry element | TREES |
| 650 ## - SUBJECT ADDED ENTRY--TOPICAL TERM | |
| Topical term or geographic name entry element | TREE ROOTS |
| 650 ## - SUBJECT ADDED ENTRY--TOPICAL TERM | |
| Topical term or geographic name entry element | TREE PRESERVATION ORDERS (TPOs) |
| 650 ## - SUBJECT ADDED ENTRY--TOPICAL TERM | |
| Topical term or geographic name entry element | NUISANCE |
| 650 ## - SUBJECT ADDED ENTRY--TOPICAL TERM | |
| Topical term or geographic name entry element | Boundary disputes |
| 9 (RLIN) | 6221 |
| 650 ## - SUBJECT ADDED ENTRY--TOPICAL TERM | |
| Topical term or geographic name entry element | HEDGES |
| 650 ## - SUBJECT ADDED ENTRY--TOPICAL TERM | |
| Topical term or geographic name entry element | LEYLANDII HEDGES |
| 690 ## - LOCAL SUBJECT ADDED ENTRY--TOPICAL TERM (OCLC, RLIN) | |
| Topical term or geographic name as entry element | Boundary disputes |
| 9 (RLIN) | 6221 |
| 942 ## - ADDED ENTRY ELEMENTS (KOHA) | |
| Suppress in OPAC | 0 |
| Withdrawn status | Lost status | Source of classification or shelving scheme | Damaged status | Not for loan | Home library | Current library | Shelving location | Date acquired | Total Checkouts | Full call number | Barcode | Date last seen | Copy number | Price effective from | Koha item type |
|---|---|---|---|---|---|---|---|---|---|---|---|---|---|---|---|
| Dewey Decimal Classification | London | London | Journal article | 05/08/2003 | ABS66862 | 123202-1001 | 06/08/2019 | 1 | 06/08/2019 | Journal article |